MARC details
| 000 -LEADER |
| fixed length control field |
01554cam a22002054a 4500 |
| 005 - ΗΜΕΡΟΜΗΝΙΑ ΚΑΙ ΩΡΑ ΤΕΛΕΥΤΑΙΑΣ ΕΝΗΜΕΡΩΣΗΣ |
| Πεδίο ελέγχου |
20250605164129.0 |
| 008 - FIXED-LENGTH DATA ELEMENTS--GENERAL INFORMATION |
| Πεδίο ελέγχου σταθερού μήκους |
250528s ||||||||||||||||||||||||d |
| 035 ## - SYSTEM CONTROL NUMBER |
| System control number |
18561 |
| 020 ## - ISBN |
| ISBN |
1850767254 |
| 040 ## - ΠΗΓΗ ΚΑΤΑΛΟΓΟΓΡΑΦΗΣΗΣ |
| Φορέας πρωτότυπης καταλογογράφησης |
MC Athens Campus Library |
| Γλώσσα καταλογογράφησης |
Ελληνικά, Μοντέρνα (1453-) |
| Modifying agency |
MC Athens Campus Library |
| Κανόνες περιγραφικής καταλογογράφησης |
AACR2 |
| 245 1# - ΤΙΤΛΟΣ ΚΑΙ ΔΗΛΩΣΗ ΥΠΕΥΘΥΝΟΤΗΤΑΣ |
| Τίτλος |
The Art and Craft of Paper Sculpture |
| 260 ## - PUBLICATION, DISTRIBUTION, ETC. |
| Name of publisher, distributor, etc. |
Appleton Century Crofts, |
| Date of publication, distribution, etc. |
1996 |
| 300 ## - PHYSICAL DESCRIPTION |
| Extent |
130 |
| 505 0# - FORMATTED CONTENTS NOTE |
| Formatted contents note |
Introduction, Basic Techniques, Paper and Boards, Equipment, Techniques, How to Cut, Creasing, Pleats, Zigzag Pleats, Pop-Ups, Textured Surfaces, Tabbling, Layered Relief, Blocked Relief, Crimping, Using Light, Decorative Frames, Supported Frames, Relief Frames, Scroll Frames, Man in the Moon, Mona Lisa, Elephant, Nameplate, Rose, Matisse Paper Cutout, Swan, CFollapsible Cityscape, Mask, Twist-Out Star, Fall Leaves, Po-Up Head, Cylinder Abstract, Fish, Rooster, Valentine Mobile, Steam Train, Cloudscape, Dove, Fun Monster Puppet. |
| 520 ## - SUMMARY, ETC. |
| Summary, etc. |
Introduction, Basic Techniques, Paper and Boards, Equipment, Techniques, How to Cut, Creasing, Pleats, Zigzag Pleats, Pop-Ups, Textured Surfaces, Tabbling, Layered Relief, Blocked Relief, Crimping, Using Light, Decorative Frames, Supported Frames, Relief Frames, Scroll Frames, Man in the Moon, Mona Lisa, Elephant, Nameplate, Rose, Matisse Paper Cutout, Swan, CFollapsible Cityscape, Mask, Twist-Out Star, Fall Leaves, Po-Up Head, Cylinder Abstract, Fish, Rooster, Valentine Mobile, Steam Train, Cloudscape, Dove, Fun Monster Puppet. |
| 700 1# - ΠΡΟΣΘΕΤΗ ΑΝΑΓΡΑΦΗ--ΦΥΣΙΚΟ ΠΡΟΣΩΠΟ |
| Personal name |
Jackson Paul |
| 9 (RLIN) |
4826 |
| 942 ## - ADDED ENTRY ELEMENTS (KOHA) |
| Koha item type |
Books |